000 00929nas a2200301 4500
001 BR2019000726
003 BR-BrBNA
005 20231205131636.0
007 ta
008 230509b bl.|||p| |||| 00| 00por d
040 _aBR-BrBNA
_bpor
_cBiblioteca Nacional de Agricultura
041 _a(Pt)
072 _aH20; F30
100 1 _aYamada, M.M.
100 1 _aGramacho, K.
100 1 _aAndebrhan, T.
100 1 _aFurtek, D.B.
245 1 _aEstudos comparativos de testes de compatibilidade e bioquímico com as análises de DNA em Crinipellis perniciosa
650 _aCACAU
650 _aVASSOURA-DE-BRUXA
650 _aPATÓGENO
650 _aMARCADOR MOLECULAR
650 _aBIOQUÍMICA
773 0 _tAgrotrópica (Brazil)
_xISSN 0103-3816
_g(Sep-Dec 2003), v. 15(3) p. 181-184
_wBR2019000726
856 4 0 _dLink DSPACE/MAPA BR2019000726
909 _a202311
_bLúcia
_c55
_dLúcia Elande
942 _2AGRIS
_n0
_cANA
999 _c255873
_d255873